00854nam a22002297a 4500003000500000005001700005008004100022010001000063011001000073035001100083040000900094100003600103245016000139260003600299300004000335502012400375650001700499650003600516650003300552650001100585650002800596CHAP20220329143315.0080423d2007 mx r 00110 spa d a94739 a95711 a106340 cCHAP1 aJiménez Mendoza, Ma. Eugenia.10aEvaluación de cuatro niveles de inclusión de suero de leche de vaca en la alimentación de cerdos (finalización)c/por Ma. Eugenia Jiménez Mendoza aCocula, Gro. :bEl autor,c2007 a46 h. :bilus. ; gráfs. ; cuadros aTesis (Ing. Agr. Zootecnista) -- Colegio Superior Agropecuario del Estado de Guerrero. Centro de Estudios Profesionales14aDigestión.14aGanado porcinoxAlimentación.14aGanado porcinoxCrecimiento.14aSuero.14aSueroxValor nutritivo.